[Event "Bundesliga 1920"]
[Site "Germany"]
[Date "2021.10.15"]
[Round "12.1"]
[White "Piorun, Kacper"]
[Black "Inarkiev, Ernesto"]
[Result "1/2-1/2"]
[WhiteElo "2623"]
[BlackElo "2665"]
[PlyCount "149"]
[EventDate "2019.11.23"]
[EventType "team-tourn"]
[EventRounds "15"]
[EventCountry "GER"]
[SourceTitle "EXT 2022"]
[Source "ChessBase"]
[SourceDate "2021.10.06"]
[SourceVersion "1"]
[SourceVersionDate "2021.10.06"]
[SourceQuality "1"]
[WhiteTeam "Berlin SF"]
[BlackTeam "Hockenheim"]
[WhiteTeamCountry "GER"]
[BlackTeamCountry "GER"]

1. e4 e5 2. Nf3 Nc6 3. Nc3 Nf6 4. d4 exd4 5. Nxd4 Bb4 6. Nxc6 bxc6 7. Bd3 0-0 8. 0-0 d5 9. exd5 cxd5 10. h3 c6 11. Qf3 Rb8 12. Bf4 Bd6 13. b3 Qc7 14. Ne2 c5 15. Bxd6 Qxd6 16. Rfe1 Re8 17. Ng3 Bd7 18. c3 g6 19. Rxe8+ Rxe8 20. Rd1 Bc6 21. Bf1 h5 22. b4 Re6 23. b5 Bb7 24. c4 Qe5 25. cxd5 Bxd5 26. Qa3 h4 27. Ne2 Bc4 28. Nd4 cxd4 29. Bxc4 Re7 30. Rxd4 Qxd4 31. Qxe7 Qxc4 32. Qxf6 Qxa2 33. Qd8+ Kg7 34. Qxh4 Qb1+ 35. Kh2 Qxb5 36. Qd4+ Kg8 37. Qxa7 Qe5+ 38. g3 Qe4 39. Qe3 Qd5 40. h4 Qf5 41. f3 Qd5 42. Kg2 Qa2+ 43. Kh3 Qd5 44. g4 Kg7 45. Qc3+ Kg8 46. Kg2 Qd8 47. Kh3 Qd5 48. Qe3 Kg7 49. Kg3 Kg8 50. Qg5 Qd4 51. Kg2 Qb2+ 52. Kf1 Qb1+ 53. Ke2 Qb2+ 54. Qd2 Qe5+ 55. Kf1 Qf6 56. Qf2 Qe5 57. Kg2 Qd5 58. Qe2 Qd8 59. Kg3 Qd6+ 60. f4 Qd5 61. Qe8+ Kh7 62. Qe3 Kg8 63. Qf3 Qd6 64. Kh3 Qd4 65. Kh2 Qf6 66. Kg3 Qd4 67. Kh3 Kg7 68. Kg2 Qd2+ 69. Qf2 Qd3 70. Qb2+ Kg8 71. Qe5 Qd1 72. Qe8+ Kg7 73. Qe5+ Kg8 74. Qe8+ Kg7 75. Qe5+ 1/2-1/2

[Event "Zagreb Peace"]
[Site "Zagreb"]
[Date "2021.10.11"]
[Round "7"]
[White "Inarkiev, Ernesto"]
[Black "Kozul, Zdenko"]
[Result "1/2-1/2"]
[WhiteElo "2668"]
[BlackElo "2601"]
[PlyCount "66"]
[EventDate "2021.10.05"]
[EventType "tourn"]
[EventRounds "9"]
[EventCountry "CRO"]
[EventCategory "14"]
[SourceTitle "CBM 204 Extra"]
[Source "ChessBase"]
[SourceDate "2021.11.30"]
[SourceVersion "1"]
[SourceVersionDate "2021.11.30"]
[SourceQuality "1"]

1. e4 c5 2. Nf3 d6 3. d4 cxd4 4. Nxd4 Nf6 5. Nc3 a6 6. h4 h6 7. f4 e5 8. Nb3 Be7 9. Be2 b5 10. a3 Nbd7 11. Bf3 Bb7 12. g4 Rc8 13. g5 hxg5 14. fxg5 Rxc3 15. bxc3 Nxe4 16. Qd3 Qa8 17. Rh3 Nec5 18. Qf5 g6 19. Bxb7 Qxb7 20. Qg4 Qd5 21. Nxc5 Nxc5 22. Be3 Qe4 23. Qc8+ Bd8 24. 0-0-0 0-0 25. Rxd6 Nb7 26. Rd7 Qf5 27. Qxb7 Qxh3 28. Bc5 Qxh4 29. Bxf8 Bxg5+ 30. Kb2 Qe1 31. Qc8 Qc1+ 32. Ka2 Qxc2+ 33. Ka1 Qc1+ 1/2-1/2

[Event "Zagreb Peace"]
[Site "Zagreb"]
[Date "2021.10.08"]
[Round "4"]
[White "Stevic, Hrvoje"]
[Black "Inarkiev, Ernesto"]
[Result "1-0"]
[WhiteElo "2570"]
[BlackElo "2668"]
[PlyCount "77"]
[EventDate "2021.10.05"]
[EventType "tourn"]
[EventRounds "9"]
[EventCountry "CRO"]
[EventCategory "14"]
[SourceTitle "CBM 204 Extra"]
[Source "ChessBase"]
[SourceDate "2021.11.30"]
[SourceVersion "1"]
[SourceVersionDate "2021.11.30"]
[SourceQuality "1"]

1. e4 e5 2. Nf3 Nc6 3. Nc3 Nf6 4. d4 exd4 5. Nxd4 Bb4 6. Nxc6 bxc6 7. Bd3 d5 8. exd5 0-0 9. 0-0 cxd5 10. h3 c6 11. Qf3 Bd6 12. Bf4 Rb8 13. b3 Rb4 14. Ne2 c5 15. Rad1 Bb7 16. Bg5 Re8 17. Rfe1 c4 18. Bxf6 Qxf6 19. Qxf6 gxf6 20. Bxc4 dxc4 21. Rxd6 Rb5 22. f3 Ra5 23. a4 Rae5 24. Kf2 cxb3 25. cxb3 Re3 26. b4 Bc8 27. Rd2 Kf8 28. Rc1 Ra3 29. a5 Rb3 30. Nf4 Be6 31. Rc7 f5 32. Rd4 Kg7 33. Rxa7 Kf6 34. Ra6 Rb2+ 35. Kg3 Rg8+ 36. Kh2 Ke5 37. Rad6 Bc4 38. Nd3+ Bxd3 39. f4# 1-0

[Event "Zagreb Peace"]
[Site "Zagreb"]
[Date "2021.10.06"]
[Round "2"]
[White "Zelcic, Robert"]
[Black "Inarkiev, Ernesto"]
[Result "1/2-1/2"]
[WhiteElo "2522"]
[BlackElo "2668"]
[PlyCount "170"]
[EventDate "2021.10.05"]
[EventType "tourn"]
[EventRounds "9"]
[EventCountry "CRO"]
[EventCategory "14"]
[SourceTitle "CBM 204 Extra"]
[Source "ChessBase"]
[SourceDate "2021.11.30"]
[SourceVersion "1"]
[SourceVersionDate "2021.11.30"]
[SourceQuality "1"]

1. e4 e5 2. Nf3 Nc6 3. Bb5 a6 4. Ba4 Nf6 5. 0-0 Be7 6. Bxc6 dxc6 7. Nc3 Nd7 8. d4 Bd6 9. dxe5 Nxe5 10. Bf4 Ng6 11. Bxd6 Qxd6 12. Qxd6 cxd6 13. a4 a5 14. Nd2 Ke7 15. f4 Rd8 16. Nc4 f6 17. Nb6 Ra6 18. Nxc8+ Rxc8 19. Rad1 Nf8 20. Rd3 Ne6 21. Rfd1 Rd8 22. g3 Nc5 23. Rd4 Raa8 24. b3 Rd7 25. Kf2 g6 26. Kf3 f5 27. g4 Ne6 28. R4d2 fxe4+ 29. Nxe4 d5 30. Ng3 Rf8 31. f5 Kd8 32. Ke3 gxf5 33. gxf5 Ng7 34. Rf2 Re7+ 35. Kd2 Kd7 36. Rf4 Ne8 37. Re1 Rg7 38. Rh4 Rff7 39. Kd3 Rg5 40. c4 Nf6 41. cxd5 Nxd5 42. Re5 b6 43. Rh6 Nf6 44. Ne4 Nxe4 45. Kxe4 Rg4+ 46. Kd3 Rb4 47. Kc3 b5 48. Ree6 bxa4 49. Rd6+ Kc7 50. Rxc6+ Kb7 51. bxa4 Rxf5 52. Rce6 Rf3+ 53. Kc2 Rf7 54. Kd3 Rd7+ 55. Rd6 Rxd6+ 56. Rxd6 Rh4 57. Rd5 Kb6 58. Rb5+ Ka6 59. Rf5 Rxh2 60. Rf6+ Kb7 61. Kc4 Rh5 62. Re6 Kc7 63. Rf6 Kd7 64. Ra6 Kc7 65. Rf6 Kd8 66. Rf7 h6 67. Rf6 Kc7 68. Rg6 Kd7 69. Ra6 Kc8 70. Rg6 Kc7 71. Rf6 Rh1 72. Kb5 h5 73. Kxa5 h4 74. Rh6 Kb7 75. Rh7+ Kc6 76. Ka6 h3 77. a5 Kd6 78. Ka7 h2 79. a6 Kc6 80. Rh6+ Kc5 81. Rh5+ Kd4 82. Rh8 Ke4 83. Rh7 Kf4 84. Rh8 Kg3 85. Rg8+ Kh3 1/2-1/2

[Event "CRO-chT1A 29th"]
[Site "Mali Losinj"]
[Date "2021.10.02"]
[Round "8.1"]
[White "Bosiocic, Marin"]
[Black "Inarkiev, Ernesto"]
[Result "0-1"]
[WhiteElo "2603"]
[BlackElo "2663"]
[PlyCount "66"]
[EventDate "2021.09.25"]
[EventType "team-tourn"]
[EventRounds "9"]
[EventCountry "CRO"]
[SourceTitle "CBM 204 Extra"]
[Source "ChessBase"]
[SourceDate "2021.11.30"]
[SourceVersion "1"]
[SourceVersionDate "2021.11.30"]
[SourceQuality "1"]
[WhiteTeam "Sesvete Agroproteinka"]
[BlackTeam "Kastel Novi"]
[WhiteTeamCountry "CRO"]
[BlackTeamCountry "CRO"]

1. e4 e5 2. Nf3 Nc6 3. Bb5 a6 4. Ba4 Nf6 5. d3 d6 6. c3 g6 7. 0-0 Bg7 8. Nbd2 0-0 9. Re1 b5 10. Bc2 Re8 11. h3 Bb7 12. b4 a5 13. bxa5 Nxa5 14. Rb1 Ba6 15. d4 Nd7 16. Nf1 exd4 17. cxd4 c5 18. Bg5 Qc8 19. Ne3 h6 20. Bf4 Nc6 21. Ng4 Kh7 22. Qd2 h5 23. Ng5+ Kg8 24. Nxf7 Kxf7 25. e5 Nxd4 26. Bb3+ Nxb3 27. Rxb3 hxg4 28. e6+ Kg8 29. Bxd6 Nf6 30. Rbe3 Qc6 31. Qd3 Bb7 32. f3 Kh7 33. Re5 c4 0-1

[Event "CRO-chT1A 29th"]
[Site "Mali Losinj"]
[Date "2021.10.01"]
[Round "7.5"]
[White "Livaic, Leon"]
[Black "Inarkiev, Ernesto"]
[Result "0-1"]
[WhiteElo "2508"]
[BlackElo "2663"]
[PlyCount "74"]
[EventDate "2021.09.25"]
[EventType "team-tourn"]
[EventRounds "9"]
[EventCountry "CRO"]
[SourceTitle "CBM 204 Extra"]
[Source "ChessBase"]
[SourceDate "2021.11.30"]
[SourceVersion "1"]
[SourceVersionDate "2021.11.30"]
[SourceQuality "1"]
[WhiteTeam "Zagreb Hask Mladost"]
[BlackTeam "Kastel Novi"]
[WhiteTeamCountry "CRO"]
[BlackTeamCountry "CRO"]

1. e4 e5 2. Nf3 Nc6 3. Nc3 Nf6 4. d4 exd4 5. Nxd4 Bb4 6. Nxc6 bxc6 7. Bd3 d5 8. exd5 cxd5 9. 0-0 0-0 10. Bg5 c6 11. Qf3 Rb8 12. h3 Bd6 13. b3 Be5 14. Bf4 Bxc3 15. Bxb8 Bxa1 16. Rxa1 Bg4 17. hxg4 Qxb8 18. Re1 h6 19. Re7 Rd8 20. g3 Kf8 21. Qe3 d4 22. Qe5 Qxe5 23. Rxe5 Rd5 24. Rxd5 Nxd5 25. a3 Ke7 26. Kf1 Nc3 27. Ke1 Kd6 28. Bf1 Kc5 29. Bg2 Kb6 30. a4 c5 31. Bf1 Ka5 32. Bc4 f6 33. Kd2 Ne4+ 34. Ke2 Kb4 35. f3 Nd6 36. Bd5 Kc3 37. Kd1 a5 0-1

[Event "CRO-chT1A 29th"]
[Site "Mali Losinj"]
[Date "2021.09.29"]
[Round "5.4"]
[White "Cheparinov, Ivan"]
[Black "Inarkiev, Ernesto"]
[Result "1/2-1/2"]
[WhiteElo "2659"]
[BlackElo "2663"]
[PlyCount "69"]
[EventDate "2021.09.25"]
[EventType "team-tourn"]
[EventRounds "9"]
[EventCountry "CRO"]
[SourceTitle "CBM 204 Extra"]
[Source "ChessBase"]
[SourceDate "2021.11.30"]
[SourceVersion "1"]
[SourceVersionDate "2021.11.30"]
[SourceQuality "1"]
[WhiteTeam "Osijek Ferit"]
[BlackTeam "Kastel Novi"]
[WhiteTeamCountry "CRO"]
[BlackTeamCountry "CRO"]

1. d4 d5 2. Nf3 Nf6 3. c4 dxc4 4. e3 e6 5. Bxc4 c5 6. 0-0 a6 7. e4 b5 8. Be2 Nxe4 9. a4 b4 10. Nbd2 Bb7 11. Nxe4 Bxe4 12. Be3 cxd4 13. Nxd4 Nc6 14. Bf3 Bxf3 15. Qxf3 Nxd4 16. Bxd4 Qd5 17. Qe3 Be7 18. Rad1 Rd8 19. Qe2 Qb7 20. Qg4 Rg8 21. a5 Rd5 22. Bb6 Bd6 23. Rxd5 Qxd5 24. Rd1 Qc6 25. Qh4 f6 26. Qxh7 Kf7 27. Qh5+ Ke7 28. Qh7 Kf7 29. Qh5+ Ke7 30. Qg6 Qc4 31. g3 Qe2 32. Bd8+ Rxd8 33. Qxg7+ Ke8 34. Qg8+ Ke7 35. Qg7+ 1/2-1/2